El crecimiento desigual en Centroamérica 1950-2000

Wedi'i Gadw mewn:
Manylion Llyfryddiaeth
Prif Awdur: Mayorga Quirós, Román
Fformat: Texto
Cyhoeddwyd: México D.F.: El Colegio de México
Tagiau: Ychwanegu Tag
Dim Tagiau, Byddwch y cyntaf i dagio'r cofnod hwn!

MARC

LEADER 00000 a a2200000 04500
001 24648
003
040
020 |a 968-12-0238-4  
090 |a 169800  
100 |a Mayorga Quirós, Román  
245 |a El crecimiento desigual en Centroamérica 1950-2000  
260 |a México D.F.:   |b El Colegio de México  
300 |a 125 p.   |b **no definido**  
999 |c 16973  |d 16973